| 000 | 00403 a2200145 4500 | ||
|---|---|---|---|
| 001 | 88536 | ||
| 082 | _a346.7302 FRE | ||
| 090 |
_c41904 _d41904 |
||
| 100 | _aPhyllis H. Frey, Martin A. Frey | ||
| 245 |
_aEssentials of Contract Law _cPhyllis H. Frey, Martin A. Frey |
||
| 260 |
_aAustralia _bDelmar Cengage _c2001 |
||
| 300 |
_axvi, 303 p. _bPb |
||
| 500 | _aDOS textbook | ||
| 600 | _alaw-contract | ||
| 942 |
_aCAE NUST _k346.7302 FRE |
||
| 999 |
_c323609 _d323609 |
||